| 000 | 00482nam a22001937a 4500 | ||
|---|---|---|---|
| 003 | NUST - PNEC | ||
| 005 | 20170116180811.0 | ||
| 008 | 150430b xxu||||| |||| 00| 0 eng d | ||
| 020 | _a0711019037 | ||
| 040 | _cLIBRARY | ||
| 082 | _a623.8254 LIP | ||
| 100 |
_93372 _aLippiett, John |
||
| 245 |
_aType 21. _c John Lippiett. |
||
| 250 | _a- | ||
| 260 |
_aLondon : _bIan Allan, _cc 1990. |
||
| 300 | _a109 p . : | ||
| 650 |
_93373 _aType 21 _xType 21 (Frigates) |
||
| 942 |
_2ddc _cBK |
||
| 999 |
_c63374 _d63374 |
||